Statistics for Top 15 Richest People in the World

Click here to take the quiz!

General Stats

  • This quiz has been taken 19 times
  • The average score is 5 of 15

Answer Stats

RankAnswer% Correct
3Bill Gates
100%
2Jeff Bezos
95%
1Elon Musk
84%
5Mark Zuckerberg
53%
7Warren Buffett
47%
8Larry Page
26%
10Sergey Brin
26%
12Larry Ellison
21%
13Amancio Ortega
16%
4Bernard Arnault
16%
15Jim Walton
16%
14Rob Walton
16%
9Steve Ballmer
5%
11Mukesh Ambani
0%
6Zhong Shanshan
0%

Score Distribution

Percentile by Number Answered

Percent of People with Each Score

Your Score History

You have not taken this quiz